• 首页
  • 本馆介绍
  • 公告通知
  • 最新文献
  • 馆藏检索
  • 电子资源
  • 读者导购
  • 参考咨询
  • 我的图书馆
  • 登录
  • 详细信息显示
  • 放入我的书架
  • 预约/预借图书
  • 作者相关作品
  • 分类相关作品
  • 丛书相关作品
  • 出版社相关作品

书目信息

  • 表格格式
  • 工作单格式
  • 卡片格式
题名:
封面观点
    
 
作者: 何万篷 , 何万篷 著
分册: 第2辑  
出版信息: 上海   同济大学出版社  2022
页数: 241页
开本: 21cm
丛书名:
单 册:
中图分类: Z427.6
科图分类:
主题词: 社会科学--文集 , 自然科学--文集
电子资源:
ISBN: 978-7-5765-0335-7
000 00868nam0 2200241 450
001 2360513643
005 20231104164850.78
010    @a978-7-5765-0335-7@dCNY60.00
100    @a20221118d2022 em y0chiy50 ea
101 0  @achi
102    @aCN@b310000
105    @ay z 000yy
200 1  @a封面观点@Afeng mian guan dian@h第2辑@f何万篷著
210    @a上海@c同济大学出版社@d2022
215    @a241页@d21cm
330    @a本书分全球博弈、经济纵谈、文以载道、治理迫问、疫情长考、问道蓝军六部分,收录了《从国际政治新概念看国际关系新动向》《美国得了“英国病”》《打量对方的眼神不一样了》《外交的贬值和外交的希望》《美国可能的后手棋》等文章。
606 0  @a社会科学@j文集
606 0  @a自然科学@j文集
690    @aZ427.6@v5
701  0 @a何万篷@Ahe wan peng@f(1974~)@4著
701  0 @a何万篷@Ahe wan peng@4著
801  0 @aCN@b91MARC@c20221129
905    @aZUCC@dZ427.6@e2:2
    
    封面观点.第2辑/何万篷著.-上海:同济大学出版社,2022
    241页;21cm
    
    
    ISBN 978-7-5765-0335-7:CNY60.00
    本书分全球博弈、经济纵谈、文以载道、治理迫问、疫情长考、问道蓝军六部分,收录了《从国际政治新概念看国际关系新动向》《美国得了“英国病”》《打量对方的眼神不一样了》《外交的贬值和外交的希望》《美国可能的后手棋》等文章。
●
相关链接 在五车中查询图书 在当当中查询图书 在豆瓣中查询图书


正题名:封面观点     索取号:Z427.6/2:2         预约/预借

序号 登录号 条形码 馆藏地/架位号 状态 备注
1 2001038859   2001038859   悦读、辽宁混合/悦读天下/辽批1/ [索取号:Z427.6/2:2] 在馆    
2 2001038860   2001038860   悦读、辽宁混合/悦读天下/辽批1/ [索取号:Z427.6/2:2] 在馆    
3 2001038861   2001038861   悦读、辽宁混合/悦读天下/辽批1/ [索取号:Z427.6/2:2] 在馆    
4 2001038862   2001038862   悦读、辽宁混合/悦读天下/辽批1/ [索取号:Z427.6/2:2] 在馆    
5 2001038863   2001038863   悦读、辽宁混合/悦读天下/辽批1/ [索取号:Z427.6/2:2] 在馆    
6 2001038864   2001038864   悦读、辽宁混合/悦读天下/辽批1/ [索取号:Z427.6/2:2] 在馆    
山东省滨州职业学院图书馆 欢迎您!
大连网信软件有限公司© 版权所有